| 000 | 00540nam a2200193Ia 4500 | ||
|---|---|---|---|
| 003 | GCL | ||
| 008 | 140319s9999 xx 000 0 ara d | ||
| 040 |
_aGCL / _cGCL |
||
| 082 | 0 | 4 |
_a355.02 _bت ح |
| 100 | 1 | _aتوينبى، ارنولد | |
| 245 | 1 | 0 |
_aالحرب والمدينة / _cتوينبى، ارنولد |
| 700 | 1 | _aاحمد محمود سليمان | |
| 300 | _a187 | ||
| 490 |
_aالالف كتاب _v0 |
||
| 650 | 0 | 4 | _aالحروف |
| 650 | 0 | 4 | _aالحروب |
| 650 | 0 | 4 | _aالسياسة العسكرية |
| 942 |
_2ddc _cBK |
||
| 999 |
_c44069 _d44069 |
||